Salta al contenuto

Изготовление лекарственных форм и проведение обязательных видов внутриаптечного контроля. Алгоритмы изготовления различных типов мазей учебное пособие для спо

Данное пособие содержит краткое изложение теоретических основ изготовления мазей и алгоритмы изготовления различных типов мазей. Учебное пособие предназначено для внеаудиторной подготовки и самостоятельной работы студентов на практических занятиях. Разработано в соответствии с рабочей программой Пр...

Descrizione completa

Salvato in:
Dettagli Bibliografici
Autore principale: Ильясова В. В.
Natura: Книга
Lingua:Russian
Pubblicazione: Санкт-Петербург Лань 2022
Edizione:2-е изд., стер.
Soggetti:
Accesso online:https://e.lanbook.com/book/200078
https://e.lanbook.com/img/cover/book/200078.jpg
Tags: Aggiungi Tag
Nessun Tag, puoi essere il primo ad aggiungerne! !
LEADER 02924nam0a2200409 i 4500
001 200078
003 RuSpLAN
005 20221220174143.0
008 221220s2022 ru gs 000 0 rus
020 |a 978-5-8114-9880-2 
040 |a RuSpLAN 
041 0 |a rus 
044 |a ru 
080 |a 615.4 
084 |a 52.8я723  |2 rubbk 
245 0 0 |a Изготовление лекарственных форм и проведение обязательных видов внутриаптечного контроля. Алгоритмы изготовления различных типов мазей  |b учебное пособие для спо  |c Ильясова В. В. 
250 |a 2-е изд., стер. 
260 |a Санкт-Петербург  |b Лань  |c 2022 
300 |a 64 с. 
504 |a Библиогр.: доступна в карточке книги, на сайте ЭБС Лань 
520 8 |a Данное пособие содержит краткое изложение теоретических основ изготовления мазей и алгоритмы изготовления различных типов мазей. Учебное пособие предназначено для внеаудиторной подготовки и самостоятельной работы студентов на практических занятиях. Разработано в соответствии с рабочей программой Профессионального модуля «Изготовление лекарственных форм и проведение обязательных видов внутриаптечного контроля» по темам раздела «Изготовление мягких лекарственных форм» и отвечает требованиям Федерального Государственного образовательного стандарта по специальности среднего профессионального образования «Фармация». 
521 8 |a Книга из коллекции Лань - Медицина 
653 0 |a фармация 
653 0 |a фармакология 
653 0 |a лекарственные формы 
653 0 |a лекарственные препараты 
653 0 |a лекарственные средства 
653 0 |a внутриаптечный контроль 
653 0 |a изготовление мазей 
653 0 |a мази 
653 0 |a фармацевтическое производство 
653 0 |a фармацевтические технологии 
653 0 |a пасты 
100 1 |a Ильясова В. В. 
856 4 |u https://e.lanbook.com/book/200078 
856 4 8 |u https://e.lanbook.com/img/cover/book/200078.jpg 
953 |a https://e.lanbook.com/img/cover/book/200078.jpg